| 000 | 00560nam a2200205Ia 4500 | ||
|---|---|---|---|
| 003 | GCL | ||
| 008 | 140319s9999 xx 000 0 ara d | ||
| 040 |
_aGCL / _cGCL |
||
| 082 | 0 | 4 |
_a810.9 _bط م |
| 100 | 1 | _aطه حسين | |
| 245 | 1 | 0 |
_aجنة الشوك / _cطه حسين |
| 260 |
_aالقاهرة : _bدار المعارف ، _c1986 |
||
| 300 |
_a141 ص ؛ _c20 سم |
||
| 490 | _a | ||
| 650 | 0 | 4 | _aالادب العربى |
| 650 | 0 | 4 | _aالعصر الحديث |
| 650 | 0 | 4 | _aمصر |
| 650 | 0 | 4 | _aالمجموعات الادبية |
| 942 |
_2ddc _cBK |
||
| 999 |
_c28702 _d28702 |
||